000 00504nam a2200205Ia 4500
005 20231010101907.0
008 131103s9999 xx 000 0 und d
040 _aLoreto College
041 _aEnglish
082 _a299.514
_bHER
100 _aHerbert, Edward
245 2 _aA Taoist Notebook
_cEdward Herbert
260 _aLondon
_bJohn murray
_c1955
300 _a80p.
440 _aWisdom of east series
650 _aReligion
651 _aJarman-Religion
850 _aLCLIB
942 _cBK
999 _c23091
_d73570